Development Economics / (Record no. 14974)
[ view plain ]
| 000 -LEADER | |
|---|---|
| fixed length control field | 01084nam a22003137a 4500 |
| 003 - CONTROL NUMBER IDENTIFIER | |
| control field | EG-ScBUE |
| 005 - DATE AND TIME OF LATEST TRANSACTION | |
| control field | 20210613112746.0 |
| 008 - FIXED-LENGTH DATA ELEMENTS--GENERAL INFORMATION | |
| fixed length control field | 110308t2009 enka f b 001 0 eng d |
| 020 ## - INTERNATIONAL STANDARD BOOK NUMBER | |
| International Standard Book Number | 0077114531 |
| 020 ## - INTERNATIONAL STANDARD BOOK NUMBER | |
| International Standard Book Number | 9780077114534 |
| 040 ## - CATALOGING SOURCE | |
| Original cataloging agency | EG-ScBUE |
| Language of cataloging | eng |
| Description conventions | rda |
| Transcribing agency | EG-ScBUE |
| Modifying agency | EG-ScBUE |
| 082 04 - DEWEY DECIMAL CLASSIFICATION NUMBER | |
| Classification number | 338.9 |
| Item number | CLU |
| Edition number | 22 |
| 100 ## - MAIN ENTRY--PERSONAL NAME | |
| 9 (RLIN) | 22409 |
| Personal name | Clunies Ross, Anthony, |
| Dates associated with a name | 1932- |
| Relator term | author. |
| 245 ## - TITLE STATEMENT | |
| Title | Development Economics / |
| Statement of responsibility, etc | Anthony Clunies Ross, David J C Forsyth, Mozammel Huq, University of Strathclyde, Glasgow. |
| 264 #1 - PUBLICATION, DISTRIBUTION, ETC. (IMPRINT) | |
| Place of publication, distribution, etc | London : |
| Name of publisher, distributor, etc | McGraw-Hill, Higher Education, |
| Date of publication, distribution, etc | [2009] |
| 264 #4 - PUBLICATION, DISTRIBUTION, ETC. (IMPRINT) | |
| Date of publication, distribution, etc | c2009 |
| 300 ## - PHYSICAL DESCRIPTION | |
| Extent | xxv, 773 pages : |
| Other physical details | illustrations ; |
| Dimensions | 27 cm |
| 336 ## - CONTENT TYPE | |
| Source | rdacontent |
| Content type term | text |
| Content type code | txt |
| 337 ## - MEDIA TYPE | |
| Source | rdamedia |
| Media type term | unmediated |
| Media type code | n |
| 338 ## - CARRIER TYPE | |
| Source | rdacarrier |
| Carrier type term | volume |
| Carrier type code | nc |
| 504 ## - BIBLIOGRAPHY, ETC. NOTE | |
| Bibliography, etc | Includes bibliographical references and index. |
| 650 #7 - SUBJECT ADDED ENTRY--TOPICAL TERM | |
| 9 (RLIN) | 4896 |
| Topical term or geographic name as entry element | Development economics. |
| Source of heading or term | BUEsh |
| 651 ## - SUBJECT ADDED ENTRY--GEOGRAPHIC NAME | |
| Source of heading or term | BUEsh |
| 653 ## - INDEX TERM--UNCONTROLLED | |
| Resource For college | BAEPS, Economics |
| Arrived date list | June2021 |
| 655 ## - INDEX TERM--GENRE/FORM | |
| Form subdivision | Reading book |
| 9 (RLIN) | 34232 |
| 700 1# - ADDED ENTRY--PERSONAL NAME | |
| 9 (RLIN) | 22407 |
| Personal name | Forsyth, David, |
| Relator term | author. |
| 700 1# - ADDED ENTRY--PERSONAL NAME | |
| 9 (RLIN) | 22408 |
| Personal name | Huq, Mozammel, |
| Relator term | author. |
| 942 ## - ADDED ENTRY ELEMENTS (KOHA) | |
| Source of classification or shelving scheme | Dewey Decimal Classification |
| Koha item type | Book - Borrowing |
| Withdrawn status | Lost status | Source of classification or shelving scheme | Materials specified (bound volume or other part) | Damaged status | Not for loan | Collection code | Home library | Current library | Shelving location | Date acquired | Source of acquisition | Total Checkouts | Full call number | Barcode | Date last seen | Date checked out | Price effective from | Koha item type | Total Renewals | Public note | Cost, normal purchase price | Cost, replacement price |
|---|---|---|---|---|---|---|---|---|---|---|---|---|---|---|---|---|---|---|---|---|---|---|
| Lost | Dewey Decimal Classification | Lost In Inventory_2017-8-25 | Baccah | Central Library | Central Library | First floor | 08/03/2011 | 4 | 338.9 CLU | 000022830 | 23/08/2016 | 28/04/2011 | 08/03/2011 | NB - Book (Non borrowing) | ||||||||
| Dewey Decimal Classification | Baccah | Central Library | Central Library | First floor | 08/03/2011 | 14 | 338.9 CLU | 000022831 | 15/07/2025 | 07/02/2017 | 08/03/2011 | Book - Borrowing | 52 | |||||||||
| Dewey Decimal Classification | Baccah | Central Library | Central Library | First floor | 08/03/2011 | 21 | 338.9 CLU | 000022832 | 15/07/2025 | 08/11/2018 | 08/03/2011 | Book - Borrowing | 20 | |||||||||
| Dewey Decimal Classification | Baccah | Central Library | Central Library | First floor | 08/03/2011 | Purchase | 8 | 338.9 CLU | 000050323 | 30/09/2023 | 20/02/2023 | Book - Borrowing | 55 | Barcode has been Replaced (000022833) | ||||||||
| Dewey Decimal Classification | Baccah | Central Library | Central Library | First floor | 09/03/2011 | 20 | 338.9 CLU | 000022834 | 15/07/2025 | 05/07/2018 | 09/03/2011 | Book - Borrowing | 27 | |||||||||
| Dewey Decimal Classification | Baccah | Central Library | Central Library | First floor | 09/03/2011 | 13 | 338.9 CLU | 000022835 | 15/07/2025 | 12/02/2017 | 09/03/2011 | Book - Borrowing | 43 | |||||||||
| Dewey Decimal Classification | Baccah | Central Library | Central Library | First floor | 09/03/2011 | 7 | 338.9 CLU | 000022836 | 15/07/2025 | 09/02/2014 | 09/03/2011 | Book - Borrowing | 27 | |||||||||
| Dewey Decimal Classification | Alef-Baa | Central Library | Central Library | First floor | 09/03/2011 | 3 | 338.9 CLU | 000022837 | 15/07/2025 | 13/01/2013 | 09/03/2011 | Book - Borrowing | 16 | |||||||||
| Dewey Decimal Classification | Baccah | Central Library | Central Library | First floor | 02/05/2011 | 13 | 338.9 CLU | 000023505 | 15/07/2025 | 16/02/2017 | 02/05/2011 | Book - Borrowing | 40 | 180.00 | 225.00 | |||||||
| Dewey Decimal Classification | Baccah | Central Library | Central Library | First floor | 02/05/2011 | 16 | 338.9 CLU | 000023504 | 15/07/2025 | 25/03/2018 | 02/05/2011 | Book - Borrowing | 63 |